| 000 | 00331nam a22001337a 4500 | ||
|---|---|---|---|
| 008 | 171220b xxu||||| |||| 00| 0 eng d | ||
| 020 | _a9780131486843 | ||
| 041 | _aeng | ||
| 080 |
_24TH _a54 |
||
| 100 | _a12 | ||
| 101 | _aKIM | ||
| 245 |
_aFUNDAMENTALS OF GENERAL, ORGANIC, AND BIOLOGICAL CHEMISTRY _cMURRY,J.M |
||
| 942 |
_2udc _cBK |
||
| 999 |
_c39207 _d39207 |
||